| 000 | 01484nam a2200265Ia 4500 | ||
|---|---|---|---|
| 999 |
_c51646 _d51646 |
||
| 001 | 18637 | ||
| 003 | GE_BSU | ||
| 005 | 20210406133207.0 | ||
| 008 | 181216s2016||||ge |||||||||||||| ||geo|| | ||
| 040 | _cGE_BSU | ||
| 041 | _ageo | ||
| 080 | _a82 დ-90 | ||
| 100 |
_aდუმბაძე, მაია _911105 |
||
| 245 |
_aკავკასია და ამორძალი ქალები თომას მანის პროზაულ ნაწარმოებებში / _cმაია დუმბაძე; სამეცნიერო ხელმძღვანელი ა. აბუსერიძე, ჰ. რუდლოფი. |
||
| 264 |
_aბათუმი : _bბათუმის შოთა რუსთაველის სახ. უნ-ტის გამ-ბა, _c2015. |
||
| 300 |
_a176 გვ. _b30 სმ. |
||
| 653 | _aდისერტაცია | ||
| 653 | _aკავკასია და ამორძალი ქალები თომას მანის პროზაულ ნაწარმოებებში | ||
| 653 | _aფილოლოგია | ||
| 653 | _aქართული ენა | ||
| 700 |
_aაბუსერიძე, ა. _eსამეცნიერო ხელმძღვანელი _911106 |
||
| 700 |
_aრუდლოფი, ჰ. _eსამეცნიერო ხელმძღვანელი _911107 |
||
| 710 |
_aბსუ _911108 |
||
| 942 |
_cBK _2udc |
||